Word Ladder: Ugh, As If!!! Quiz Stats

 Plays Quiz Updated Mar 6, 2019

Score 0/14 Timer 02:00
0 Plays Today
Hint 4-Letter Answer % Correct
• What a detective searches for •• CLUE •
99.5%
Sapphire colorBLUE
98.8%
Beast of legend - the Loch ____ MonsterNESS
95.8%
Time before the presentPAST
95.7%
• Fewer •• LESS •
95.4%
A place for eggsNEST
94%
A piece of a wholePART
93.3%
Hint 4-Letter Answer % Correct
NuisancePEST
93.2%
Transfer liquid from one vessel to anotherPOUR
92.6%
One of the five tastesSOUR
92.1%
Left-hand side of a boatPORT
90.5%
Facial expression of a sullen childPOUT
90.2%
Obscure by making an indistinct outlineBLUR
87.6%
A disparaging remarkSLUR
85.7%

Today's Daily Dose

Missing Word
1940s A-Z

Quick Pick
'S' Athletes

Get the Picture
Depp or Bonham Carter

You're not logged in!

Compare scores with friends on all Sporcle quizzes.
OR
Log In

Sporcle TV

Today on Sporcle TV


Watch our educational content, quiz creation guides, and fun videos on Sporcle TV.

Show Comments

Extras

Top Quizzes Today


Score Distribution

Your Account Isn't Verified!

In order to create a playlist on Sporcle, you need to verify the email address you used during registration. Go to your Sporcle Settings to finish the process.

Report this User

Report this user for behavior that violates our Community Guidelines.

Details: